000 01042cam a22002531i 4500
003 SA-RiAUC
005 20250422063058.0
008 250421s1994 le g d 000u0 ara c
040 _aSA-JeALM
_bara
_cSA-RiAUC
_erda
050 0 0 _bA9322 1994
082 0 4 _a258.303
_qSA-RiAUC
090 _a258.303
_b ا ز هـ
100 1 _aالأزهري، محمد بن أحمد بن الأزهر،
_d282-370 هجري
_eمؤلف.
245 1 2 _aالزاهر في غريب ألفاظ الشافعي /
_cأبو منصور محمد بن أحمد الأزهري ؛ تحقيق شهاب الدين أبو عمرو.
264 1 _aبيروت :
_bدار الفكر،
_c1994
300 _a285 صفحة؛
_c24 سم.
336 _aنص
_btxt
_2rdacontent
_3كتاب
337 _aبدون وسيط
_bn
_2rdamedia
338 _aمجلد
_bnc
_2rdacarrier
650 7 _aالفقه الشافعي
_vمصطلحات
_2aucsh
700 _aأبو عمرو, شهاب الدين.
_eتحقيق
942 _2ddc
_cBOOK
_n0
949 _aSA-JeALM
_d250421
_umohamedma123
_n1
999 _c7299
_d7299